[Event "Nuremberg Zabo op 14th"]
[Site "Nuremberg"]
[Date "2012.09.16"]
[Round "5"]
[White "Hauf, Nicolai"]
[Black "Heimrath, Reiner"]
[Result "0-1"]
[WhiteElo "1928"]
[BlackElo "2177"]
[PlyCount "161"]
[EventDate "2012.09.14"]
[EventType "swiss"]
[EventRounds "5"]
[EventCountry "GER"]
[SourceTitle "EXT 2018"]
[Source "ChessBase"]
[SourceDate "2017.10.13"]
[SourceVersion "1"]
[SourceVersionDate "2017.10.13"]
[SourceQuality "1"]

1. c4 g6 2. g3 Bg7 3. Bg2 e5 4. Nc3 d6 5. d3 c6 6. e4 Ne7 7. Be3 f5 8. Qd2 0-0 9. Nge2 Be6 10. b3 d5 11. exd5 cxd5 12. Bg5 Bf6 13. Bxf6 Rxf6 14. d4 e4 15. Nf4 Nbc6 16. Rd1 Bf7 17. cxd5 Nxd5 18. Ncxd5 Bxd5 19. 0-0 Rd6 20. Qe3 Qd7 21. Nxd5 Rxd5 22. f3 exf3 23. Bxf3 Rd6 24. d5 Ne7 25. Qe5 Rd8 26. Rd2 Qc7 27. Rfd1 Qc5+ 28. Qd4 Qxd4+ 29. Rxd4 Kf7 30. Kf2 Kf6 31. R4d2 Nc6 32. h3 Ne5 33. Bg2 g5 34. Rc2 R8d7 35. Rc8 Ra6 36. Rd2 Nf7 37. Re2 Nd6 38. Re6+ Kf7 39. Rc2 Re7 40. Bf1 Rb6 41. Rxe7+ Kxe7 42. Rc7+ Kf6 43. Rxh7 Rb4 44. Bg2 Nf7 45. g4 Kg6 46. Rh5 Rf4+ 47. Kg3 Rd4 48. Bf3 f4+ 49. Kf2 Ne5 50. Be2 Rxd5 51. h4 gxh4 52. Rxh4 Rd2 53. Ke1 Rxa2 54. Rh5 Nc6 55. Bd3+ Kg7 56. Rf5 Nb4 57. Be4 Rb2 58. Bxb7 Nc2+ 59. Kd2 Ne3+ 60. Kc3 Rc2+ 61. Kd3 Nxf5 62. Kxc2 Nd6 63. Bd5 Kf6 64. Kd3 Ke5 65. Bf3 Nf7 66. Ke2 Ng5 67. Bg2 Kd4 68. Kf2 a5 69. Bc6 Kc3 70. Bd5 Kb4 71. Bg8 Kc5 72. Bc4 Kd4 73. Bg8 Kc5 74. Bc4 a4 75. Bg8 a3 76. b4+ Kxb4 77. Ke2 Kc3 78. Bd5 Kb2 79. Bg8 a2 80. Bxa2 Kxa2 81. Kd3 0-1

[Event "Nuremberg Zabo op 14th"]
[Site "Nuremberg"]
[Date "2012.09.16"]
[Round "4"]
[White "Krauss, Josef"]
[Black "Hauf, Nicolai"]
[Result "1/2-1/2"]
[WhiteElo "2087"]
[BlackElo "1928"]
[PlyCount "31"]
[EventDate "2012.09.14"]
[EventType "swiss"]
[EventRounds "5"]
[EventCountry "GER"]
[SourceTitle "EXT 2018"]
[Source "ChessBase"]
[SourceDate "2017.10.13"]
[SourceVersion "1"]
[SourceVersionDate "2017.10.13"]
[SourceQuality "1"]

1. e4 d6 2. d4 Nf6 3. Nc3 g6 4. Nf3 Bg7 5. Be2 0-0 6. 0-0 Bg4 7. Ng5 Bxe2 8. Qxe2 Nc6 9. Nf3 Nd7 10. d5 Nd4 11. Nxd4 Bxd4 12. Bh6 Bg7 13. Bxg7 Kxg7 14. Rae1 c6 15. Qc4 Qb6 16. Qb3 1/2-1/2

[Event "Nuremberg Zabo op 14th"]
[Site "Nuremberg"]
[Date "2012.09.15"]
[Round "3"]
[White "Hauf, Nicolai"]
[Black "Korth, Manfred"]
[Result "1-0"]
[WhiteElo "1928"]
[BlackElo "1810"]
[PlyCount "81"]
[EventDate "2012.09.14"]
[EventType "swiss"]
[EventRounds "5"]
[EventCountry "GER"]
[SourceTitle "EXT 2018"]
[Source "ChessBase"]
[SourceDate "2017.10.13"]
[SourceVersion "1"]
[SourceVersionDate "2017.10.13"]
[SourceQuality "1"]

1. c4 d6 2. g3 e5 3. Bg2 f5 4. Nc3 Nf6 5. d3 Be7 6. e3 c6 7. Nge2 0-0 8. 0-0 Be6 9. f4 Nbd7 10. b3 Kh8 11. Qd2 Qc7 12. Bb2 Rad8 13. Rac1 a5 14. h3 Ne8 15. Kh2 Bf6 16. Nd5 Qb8 17. Nxf6 Nexf6 18. Qxa5 e4 19. Nd4 Bf7 20. Nxf5 b6 21. Qc3 exd3 22. Bxc6 Be6 23. Nd4 Bf7 24. Qxd3 Nc5 25. Qc2 Qc7 26. b4 Na6 27. Qc3 Nb8 28. Bf3 Qe7 29. Nf5 Qe6 30. g4 Bg6 31. Bd5 Qd7 32. Ng3 Rc8 33. Qd4 b5 34. g5 Nxd5 35. cxd5 Rxc1 36. Rxc1 Be8 37. Qb6 Bf7 38. Rc7 Qe8 39. Nf5 Rg8 40. Nh6 Rf8 41. Nxf7+ 1-0

[Event "Nuremberg Zabo op 14th"]
[Site "Nuremberg"]
[Date "2012.09.14"]
[Round "1.24"]
[White "Hauf, Nicolai"]
[Black "Kurz, Leonhard"]
[Result "1-0"]
[WhiteElo "1928"]
[BlackElo "1565"]
[PlyCount "95"]
[EventDate "2012.09.14"]
[EventType "swiss"]
[EventRounds "5"]
[EventCountry "GER"]
[SourceTitle "EXT 2022"]
[Source "ChessBase"]
[SourceDate "2021.10.06"]
[SourceVersion "1"]
[SourceVersionDate "2021.10.06"]
[SourceQuality "1"]

1. c4 Nf6 2. g3 g6 3. Bg2 c6 4. d4 d5 5. Nf3 Bg7 6. 0-0 0-0 7. Nc3 Nbd7 8. b3 Re8 9. Bb2 e5 10. dxe5 Nxe5 11. Nxe5 Rxe5 12. Nxd5 Re8 13. Nxf6+ Bxf6 14. Qxd8 Bxd8 15. e3 Bf5 16. Bc3 Bc7 17. Rfd1 Rad8 18. Bf3 Bd3 19. Rd2 f5 20. Rad1 Be4 21. Kg2 Rxd2 22. Rxd2 Rd8 23. Rxd8+ Bxd8 24. Bxe4 fxe4 25. Kh3 Kf7 26. Kg4 Bc7 27. Kg5 h5 28. h4 Bd6 29. Bd4 c5 30. Bb2 b6 31. Kh6 Bc7 32. Kh7 Bd6 33. Bg7 Bc7 34. Bh6 Be5 35. Bf4 Bxf4 36. gxf4 a6 37. Kh6 Kf6 38. a3 b5 39. cxb5 axb5 40. a4 bxa4 41. bxa4 c4 42. a5 c3 43. a6 c2 44. a7 c1Q 45. a8Q Qc7 46. Qf8+ Ke6 47. Qg8+ Qf7 48. Qxg6+ 1-0

[Event "Braunschweig Oker Cup"]
[Site "Braunschweig"]
[Date "2011.12.04"]
[Round "4"]
[White "Heyne, Lukas"]
[Black "Hauf, Nicolai"]
[Result "1/2-1/2"]
[WhiteElo "2006"]
[BlackElo "1986"]
[PlyCount "69"]
[EventDate "2011.12.02"]
[EventType "swiss"]
[EventRounds "5"]
[EventCountry "GER"]
[SourceTitle "EXT 2013"]
[Source "ChessBase"]
[SourceDate "2012.11.22"]
[SourceVersion "1"]
[SourceVersionDate "2012.11.22"]
[SourceQuality "1"]

1. e4 d6 2. Nc3 Nf6 3. Bc4 g6 4. d3 Bg7 5. f4 c6 6. Bb3 Nbd7 7. Nf3 Nc5 8. 0-0 0-0 9. Qe1 a5 10. d4 Nxb3 11. axb3 Bg4 12. Qg3 Bxf3 13. Qxf3 Nd7 14. Be3 e6 15. d5 exd5 16. exd5 Re8 17. Bf2 Qc7 18. Rad1 Nf6 19. f5 Re5 20. fxg6 hxg6 21. Bd4 Rf5 22. Qd3 Rxf1+ 23. Rxf1 Nxd5 24. Bxg7 Kxg7 25. Nxd5 cxd5 26. Qxd5 Qc5+ 27. Qxc5 dxc5 28. Rd1 Rc8 29. Rd7 c4 30. b4 axb4 31. Rxb7 Rd8 32. Rxb4 Rd1+ 33. Kf2 Rd2+ 34. Kf3 Rxc2 35. Rb6 1/2-1/2

[Event "Nuremberg Zabo op 13th"]
[Site "Nuremberg"]
[Date "2011.09.17"]
[Round "3"]
[White "Lottring, Dieter"]
[Black "Hauf, Nicolai"]
[Result "0-1"]
[WhiteElo "1569"]
[BlackElo "1863"]
[PlyCount "114"]
[EventDate "2011.09.16"]
[EventType "swiss"]
[EventRounds "5"]
[EventCountry "GER"]
[SourceTitle "EXT 2013"]
[Source "ChessBase"]
[SourceDate "2012.11.22"]
[SourceVersion "1"]
[SourceVersionDate "2012.11.22"]
[SourceQuality "1"]

1. Nf3 d6 2. d4 Nf6 3. g3 g6 4. Bg2 Bg7 5. b3 c5 6. c3 0-0 7. 0-0 Nc6 8. Bb2 Bd7 9. Nbd2 b6 10. Re1 Rc8 11. e3 e5 12. dxe5 dxe5 13. Nc4 Qc7 14. Qd6 Ne8 15. Qxc7 Rxc7 16. e4 Be6 17. Ne3 Nf6 18. Nd2 Rd8 19. Rad1 Rcd7 20. Ndf1 c4 21. Rxd7 Rxd7 22. b4 b5 23. Rd1 a5 24. Rxd7 Nxd7 25. a3 Nb6 26. Nd1 Bh6 27. f3 Na4 28. Kf2 Nxb2 29. Nxb2 Bc1 30. Nd1 Bxa3 31. bxa5 Nxa5 32. Nfe3 f6 33. Nc2 Bc5+ 34. Kf1 Nb3 35. Ke2 Nc1+ 36. Kd2 Nb3+ 37. Ke2 Kf7 38. Ke1 Ke7 39. Ke2 Kd7 40. Ke1 Kc6 41. Ke2 Kb6 42. Ke1 Ka5 43. Bf1 Bf8 44. Nde3 Ka4 45. Nd1 Nc1 46. Nce3 Kb3 47. Be2 Na2 48. Nf1 Bh6 49. Nd2+ Kc2 50. Nf1 Nxc3 51. Nfe3+ Bxe3 52. Nxe3+ Kc1 53. Bf1 Na4 54. Be2 Nb6 55. Bd1 b4 56. Nc2 b3 57. Nb4 Na4 0-1